[Event "Chigorin Memorial"]
[Site "St Petersburg RUS"]
[Date "2013.10.09"]
[Round "5.127"]
[White "Gantsevich, Dmitry"]
[Black "Mikhaylov, Dimitri"]
[Result "0-1"]
[WhiteElo "1655"]
[BlackElo "1819"]
[WhiteFideId "24162582"]
[BlackFideId "13901273"]
[EventDate "2013.10.05"]

1. e4 Nf6 2. e5 Nd5 3. d4 d6 4. Nf3 g6 5. Bc4 Nb6 6. Bb3 Bg7 7. exd6 cxd6 8. O-O
O-O 9. Re1 d5 10. c3 Nc6 11. Bf4 Nc4 12. Bxc4 dxc4 13. Na3 Qd5 14. Ne5 Na5 15.
Qa4 Be6 16. Nb5 Qd8 17. Nf3 Bd7 18. Qb4 Bxb5 19. Qxb5 e6 20. Rad1 a6 21. Qb4 Qd5
22. Nd2 Rfc8 23. Be5 Bf8 24. Qa4 b6 25. Ne4 Be7 26. Bd6 Qb7 27. Be5 Nc6 28. Nd6
Bxd6 29. Bxd6 b5 30. Qc2 Re8 31. Qd2 Kg7 32. Qf4 Qd7 33. Qg3 Rad8 34. Bf4 Qd5
35. Qe3 h5 36. Qg3 f6 37. Bd2 e5 38. dxe5 Rxe5 39. Rxe5 Qxe5 40. Qxe5 fxe5 41.
f3 Rd3 42. Kf2 Kf6 43. h3 h4 44. Ke2 Kf5 45. Bc1 Rxd1 46. Kxd1 Ne7 47. Kc2 Nd5
48. b3 Nf4 49. bxc4 bxc4 50. Kb2 Nxg2 51. Ka3 Nf4 52. Kb4 Nd3+ 53. Kxc4 Nxc1 54.
a4 Ne2 55. a5 Kf4 56. Kc5 Nxc3 57. Kb6 Kxf3 58. Kxa6 e4 59. Kb6 Nd5+ 0-1

[Event "Chigorin Memorial"]
[Site "St Petersburg RUS"]
[Date "2013.10.09"]
[Round "5.128"]
[White "Soliva Ruiz, Ramon"]
[Black "Kvitko, Nikita"]
[Result "1/2-1/2"]
[WhiteElo "1589"]
[BlackElo "1788"]
[WhiteFideId "32043376"]
[BlackFideId "13708341"]
[EventDate "2013.10.05"]

1. d4 f5 2. c4 Nf6 3. Nc3 g6 4. Nf3 Bg7 5. e3 O-O 6. Bd3 d6 7. h3 Qe8 8. e4 e5
9. d5 fxe4 10. Nxe4 Nxe4 11. Bxe4 Na6 12. Be3 Bf5 13. Ng5 h6 14. Bxf5 gxf5 15.
Ne6 Rf6 16. Qb3 b6 17. f3 Rxe6 18. dxe6 Qxe6 19. O-O f4 20. Bf2 Bf6 21. a3 Kh8
22. Qc2 Rg8 23. Kh1 Nc5 24. Rad1 Bd8 25. Bxc5 bxc5 26. b4 cxb4 27. axb4 Rg3 28.
Ra1 c6 29. Rxa7 Rxh3+ 30. Kg1 Bb6+ 31. c5 Bxa7 32. gxh3 Qxh3 33. Rf2 Qg3+ 34.
Rg2 Qe1+ 35. Kh2 Qh4+ 36. Kg1 Qe1+ 37. Kh2 Qh4+ 38. Kg1 Qe1+ 39. Kh2 1/2-1/2

[Event "Chigorin Memorial"]
[Site "St Petersburg RUS"]
[Date "2013.10.10"]
[Round "6.42"]
[White "Zhurikhin, Alexander"]
[Black "Paravyan, David"]
[Result "1-0"]
[WhiteTitle "FM"]
[WhiteElo "2308"]
[BlackElo "2444"]
[WhiteFideId "4139569"]
[BlackFideId "4194985"]
[EventDate "2013.10.05"]

1. e4 e6 2. d4 d5 3. Nc3 Bb4 4. exd5 exd5 5. Bd3 Nc6 6. Ne2 Nge7 7. O-O Bf5 8.
Ng3 Bg6 9. Nce2 Qd7 10. Nf4 O-O-O 11. c3 Bd6 12. b4 Bxf4 13. Bxf4 Bxd3 14. Qxd3
h5 15. Ne2 f6 16. Bd2 Nf5 17. a4 Nd6 18. Nf4 Qf5 19. Qxf5+ Nxf5 20. Ng6 Rhe8 21.
Rfe1 Nce7 22. Nf4 Rh8 23. f3 Rde8 24. Re6 g5 25. Nd3 Rhf8 26. Rae1 Kd8 27. Nc5
b6 28. Na6 Rf7 29. Nb8 Ng7 30. R6e2 Kc8 31. Nc6 Kd7 32. Nxe7 Rexe7 33. Rxe7+
Rxe7 34. Rd1 Nf5 35. Kf2 h4 36. Ra1 Ke6 37. b5 Kf7 38. Bc1 Re8 39. g3 Ra8 40.
Rb1 a6 41. gxh4 Nxh4 42. f4 axb5 43. Rxb5 Ke6 44. fxg5 Rxa4 45. gxf6 Ra5 46. Rb2
Ng6 47. Bg5 Ra3 48. Rc2 Kf5 49. h4 Nh8 50. Re2 Rxc3 51. Re7 c5 52. f7 Nxf7 53.
Rxf7+ Kg4 54. Rb7 cxd4 55. Rxb6 Rc2+ 56. Ke1 Kf3 57. Re6 Rh2 58. Re5 d3 59. Re3+ 1-0

[Event "Chigorin Memorial"]
[Site "St Petersburg RUS"]
[Date "2013.10.10"]
[Round "6.73"]
[White "Balaian, Alina"]
[Black "Krasovskiy, Sviatoslav"]
[Result "1-0"]
[WhiteTitle "WIM"]
[WhiteElo "2218"]
[BlackElo "2031"]
[WhiteFideId "24115347"]
[BlackFideId "24145696"]
[EventDate "2013.10.05"]

1. e4 Nf6 2. e5 Nd5 3. d4 d6 4. Nf3 Bg4 5. Be2 e6 6. O-O Bxf3 7. Bxf3 dxe5 8. c4
Nb6 9. Bxb7 exd4 10. Bxa8 Nxa8 11. Qa4+ Nd7 12. Bf4 f6 13. Re1 e5 14. Nd2 Be7
15. Bg3 h5 16. f4 h4 17. Bf2 Nb6 18. Qc6 Kf8 19. Nf3 Bb4 20. fxe5 Bxe1 21. Bxe1
fxe5 22. Bb4+ Kf7 23. Nxe5+ Nxe5 24. Rf1+ Kg8 25. Qe6+ Kh7 26. Qxe5 Nd7 27. Qh5+
Kg8 28. Qf7+ Kh7 29. Rf5 Nf6 30. Be7 Qe8 31. Rxf6 d3 32. Rf1 d2 33. Qxe8 Rxe8
34. Bb4 Re2 35. Rd1 Re4 36. b3 h3 37. gxh3 c5 38. Bxd2 1-0

[Event "Chigorin Memorial"]
[Site "St Petersburg RUS"]
[Date "2013.10.10"]
[Round "6.92"]
[White "Kostrikina, Anna"]
[Black "Glazov, Anatoly"]
[Result "1-0"]
[WhiteTitle "WFM"]
[WhiteElo "2140"]
[BlackElo "1900"]
[WhiteFideId "4176219"]
[BlackFideId "4192281"]
[EventDate "2013.10.05"]

1. e4 e5 2. Nc3 Nc6 3. Bc4 Nf6 4. d3 Na5 5. Bb3 Bb4 6. Ne2 c6 7. O-O h6 8. Ng3
O-O 9. f4 d6 10. fxe5 Ng4 11. Nf5 Bxf5 12. Rxf5 Qh4 13. h3 Nxb3 14. axb3 Nxe5
15. Be3 Qg3 16. Bf2 Qg6 17. Ne2 Nd7 18. Nf4 Qh7 19. Nh5 d5 20. Qg4 Qg6 21. Qf3
Bd6 22. Bd4 dxe4 23. dxe4 f6 24. Qe2 Rae8 25. Nf4 Qf7 26. Nd3 Qg6 27. Nf4 Qf7
28. Nd3 g6 29. Rff1 a6 30. Rae1 Qe6 31. Qd2 Kh7 32. Rf3 c5 33. Be3 Rg8 34. Qf2
b6 35. Bf4 Ne5 36. Bxe5 fxe5 37. Rf6 Rgf8 38. Rxe6 Rxe6 39. Qg3 Ref6 40. Kh2 b5
41. c4 Re8 42. Ra1 Bf8 43. Qe3 Rc8 44. cxb5 axb5 45. Ra7+ Kg8 46. Rb7 c4 47. Nf2
cxb3 48. Ng4 Rf4 49. Qxb3+ Kh8 50. Qe6 1-0

[Event "Chigorin Memorial"]
[Site "St Petersburg RUS"]
[Date "2013.10.11"]
[Round "7.1"]
[White "Matlakov, Maxim"]
[Black "Eljanov, Pavel"]
[Result "0-1"]
[WhiteTitle "GM"]
[BlackTitle "GM"]
[WhiteElo "2682"]
[BlackElo "2729"]
[WhiteFideId "4168003"]
[BlackFideId "14102951"]
[EventDate "2013.10.05"]

1. d4 Nf6 2. c4 e6 3. Nc3 Bb4 4. Qc2 d5 5. cxd5 exd5 6. Bg5 c5 7. dxc5 h6 8. Bh4
O-O 9. e3 Be6 10. Nf3 Nbd7 11. Be2 Rc8 12. O-O Rxc5 13. Nd4 Qc8 14. Ndb5 Bxc3
15. Nxc3 Ne4 16. Be7 Nxc3 17. bxc3 Rxc3 18. Qa4 Re8 19. Bb4 Rc2 20. Bd3 Rc7 21.
Qxa7 Ne5 22. Bb5 Bh3 23. Qd4 Nf3+ 24. gxf3 Re4 25. Qxd5 Rxb4 26. Rfd1 Rxb5 27.
Qxb5 Rc5 28. Rd8+ Qxd8 29. Qxc5 Qf6 0-1

[Event "Chigorin Memorial"]
[Site "St Petersburg RUS"]
[Date "2013.10.11"]
[Round "7.13"]
[White "Malakhov, Igor"]
[Black "Ponkratov, Pavel"]
[Result "1-0"]
[WhiteTitle "FM"]
[BlackTitle "GM"]
[WhiteElo "2434"]
[BlackElo "2618"]
[WhiteFideId "4183088"]
[BlackFideId "4157800"]
[EventDate "2013.10.05"]

1. e4 e5 2. Nf3 Nc6 3. d4 exd4 4. c3 Qe7 5. Bd3 Ne5 6. O-O Nf6 7. Nxe5 Qxe5 8.
cxd4 Qxd4 9. e5 Nd5 10. e6 Bc5 11. exf7+ Kxf7 12. Be3 Qb4 13. Qh5+ Ke6 14. Bxc5
Qxc5 15. Nc3 g6 16. Rfe1+ Kf7 17. Qe5 1-0

[Event "Chigorin Memorial"]
[Site "St Petersburg RUS"]
[Date "2013.10.11"]
[Round "7.14"]
[White "Hovhannisyan, Robert"]
[Black "Mokshanov, Alexey"]
[Result "1-0"]
[WhiteTitle "GM"]
[BlackTitle "FM"]
[WhiteElo "2599"]
[BlackElo "2411"]
[WhiteFideId "13302507"]
[BlackFideId "24121657"]
[EventDate "2013.10.05"]

1. c4 e5 2. d3 Nf6 3. Nf3 Nc6 4. a3 d5 5. cxd5 Nxd5 6. e3 Be6 7. b4 a6 8. Bb2 f6
9. Nbd2 Be7 10. Be2 O-O 11. O-O Qd7 12. Rc1 Rfd8 13. Ne4 Kh8 14. Nc5 Bxc5 15.
Rxc5 Qf7 16. Qc2 Nb6 17. Nd2 Rac8 18. Rc1 Qg6 19. Bf1 Qf7 20. Ba1 Rd7 21. Rb1
Rcd8 22. a4 Nd5 23. Rc4 Nde7 24. Rc3 Ba2 25. Rb2 a5 26. bxa5 Bd5 27. Rc5 Ra8 28.
Rbb5 Na7 29. Rb1 c6 30. e4 Be6 31. Nc4 Nac8 32. Nb6 Nxb6 33. axb6 Ng6 34. g3 Qe7
35. a5 Nf8 36. f4 Ba2 37. Rc1 Ne6 38. Rxc6 bxc6 39. Qxa2 Nd4 40. Bxd4 Rxd4 41.
a6 Rb4 42. b7 Rd8 43. Rxc6 Qd7 44. Qd5 1-0

[Event "Chigorin Memorial"]
[Site "St Petersburg RUS"]
[Date "2013.10.11"]
[Round "7.15"]
[White "Akhmetov, Ayan"]
[Black "Burmakin, Vladimir"]
[Result "1/2-1/2"]
[BlackTitle "GM"]
[WhiteElo "2368"]
[BlackElo "2581"]
[WhiteFideId "13703706"]
[BlackFideId "4105109"]
[EventDate "2013.10.05"]

1. e4 g6 2. d4 Bg7 3. Nf3 c6 4. Nbd2 d6 5. Bd3 Nf6 6. O-O O-O 7. b3 c5 8. Bb2
cxd4 9. Nxd4 b6 10. Qe2 Bb7 11. a4 a6 12. c4 Nfd7 13. a5 e5 14. Nc2 bxa5 15. Ne3
Nc5 16. Nd5 Nc6 17. Bc3 Nd4 18. Bxd4 exd4 19. Ra3 Rb8 20. Rfa1 Bh6 21. Bc2 Re8
22. R1a2 f5 23. Rxa5 d3 24. Bxd3 Bxd2 25. Qxd2 Bxd5 26. Rxc5 dxc5 27. cxd5 Rxb3
28. d6 Rb4 29. Rxa6 Rd4 30. g3 fxe4 31. Ra7 exd3 32. Qh6 Qf6 33. Qxh7+ Kf8 34.
Qh6+ Kg8 35. Qh7+ Kf8 36. Qh6+ Kg8 37. Qh7+ Kf8 38. Qh6+ Kg8 39. Qh7+ Kf8 1/2-1/2

[Event "Chigorin Memorial"]
[Site "St Petersburg RUS"]
[Date "2013.10.11"]
[Round "7.16"]
[White "Borisenko, Andrei"]
[Black "Volkov, Sergey"]
[Result "1/2-1/2"]
[WhiteTitle "IM"]
[BlackTitle "GM"]
[WhiteElo "2401"]
[BlackElo "2628"]
[WhiteFideId "4120930"]
[BlackFideId "4122763"]
[EventDate "2013.10.05"]

1. e4 e6 2. d4 d5 3. e5 c5 4. c3 Qb6 5. Nf3 Bd7 6. Bd3 cxd4 7. Nxd4 Bc5 8. Qg4
Ne7 9. O-O Ng6 10. Nb3 Bb5 11. Nxc5 Qxc5 12. Be3 Qc6 13. Bxg6 hxg6 14. Re1 Qc4
15. Bd4 Qd3 16. Na3 a6 17. Re3 Qf5 18. Qd1 Qh5 19. h3 Qxd1+ 20. Rxd1 Nd7 21. f4
Rh4 22. g4 Ke7 23. Kg2 b6 24. Nc2 a5 25. Ne1 Rah8 26. Rb1 R4h6 27. b3 Rc8 28.
Nf3 Rc6 29. Ng5 Rh8 30. Kg3 Rhc8 31. Rb2 Nc5 32. Rd2 R6c7 33. Rf2 Bd7 34. Rfe2
Rc6 35. Kf2 Rh8 36. Ke1 Bc8 37. Kd1 Rh4 38. Kc2 Rh8 39. Re1 Bd7 40. Kb2 Ra8 41.
Kb1 Rac8 42. Kb2 Rh8 43. Kc2 Bc8 44. Kd2 Ba6 45. Rf3 Bc8 46. Rfe3 Bd7 47. Kc2
Rhc8 48. Kb2 R8c7 49. R1e2 Bc8 50. Rd2 Ba6 51. Rd1 b5 52. Bxc5+ Rxc5 53. Rd4 b4
54. cxb4 Rc1 55. bxa5 R7c2+ 56. Ka3 Ra1 57. Kb4 Raxa2 58. Rc3 Be2 59. f5 gxf5
60. gxf5 exf5 61. Rxd5 Rxc3 62. Kxc3 f6 63. exf6+ gxf6 64. Rd2 Rxd2 65. Kxd2 Bh5
66. Nh7 f4 67. h4 Be8 68. Kd3 Bg6+ 69. Kd4 Bxh7 70. a6 f3 71. a7 f2 72. a8=Q
f1=Q 73. Qb7+ Kd6 74. Qxh7 Qa1+ 75. Kc4 Qc1+ 76. Kb4 Qc5+ 77. Ka4 Qc6+ 78. Ka3
Qc1+ 79. Ka2 1/2-1/2

[Event "Chigorin Memorial"]
[Site "St Petersburg RUS"]
[Date "2013.10.11"]
[Round "7.17"]
[White "Baghdasaryan, Vahe"]
[Black "David, Alberto"]
[Result "0-1"]
[WhiteTitle "IM"]
[BlackTitle "GM"]
[WhiteElo "2395"]
[BlackElo "2574"]
[WhiteFideId "13303139"]
[BlackFideId "4000013"]
[EventDate "2013.10.05"]

1. e4 c5 2. Nf3 e6 3. d4 cxd4 4. Nxd4 a6 5. Nc3 Qc7 6. Be2 Nf6 7. O-O Nc6 8. Kh1
Be7 9. f4 d6 10. Be3 O-O 11. Qe1 Nxd4 12. Bxd4 b5 13. a3 Bb7 14. Bd3 Nd7 15. Qg3
Bf6 16. Bxf6 Nxf6 17. Rae1 Nd7 18. f5 exf5 19. exf5 Nf6 20. Ne4 Bxe4 21. Bxe4
Rae8 22. Bd3 Re5 23. Rf3 Rfe8 24. Ref1 Qc5 25. Qh4 h6 26. Rg3 Kf8 27. h3 Re4 28.
Bxe4 Rxe4 29. Rg4 Nxg4 30. hxg4 f6 31. Rd1 Qxf5 32. Qxh6 Qxg4 33. Qd2 Qh5+ 34.
Kg1 Qc5+ 35. Kf1 d5 36. c3 Qc4+ 37. Kg1 Re2 38. Qd4 Rxb2 39. Qb6 Rxg2+ 40. Kxg2
Qe2+ 41. Kg3 Qxd1 42. Qd6+ Kg8 43. Qxa6 Qd3+ 44. Kf2 Kf7 45. a4 Qc2+ 46. Kg1
Qd1+ 47. Kf2 bxa4 0-1

[Event "Chigorin Memorial"]
[Site "St Petersburg RUS"]
[Date "2013.10.11"]
[Round "7.18"]
[White "Nezad, Husein Aziz"]
[Black "Epishin, Vladimir"]
[Result "1/2-1/2"]
[WhiteTitle "IM"]
[BlackTitle "GM"]
[WhiteElo "2388"]
[BlackElo "2572"]
[WhiteFideId "12100293"]
[BlackFideId "4162714"]
[EventDate "2013.10.05"]

1. d4 g6 2. e4 Bg7 3. Nc3 c6 4. Nf3 d5 5. Bd3 Bg4 6. h3 Bxf3 7. Qxf3 Bxd4 8.
exd5 Nf6 9. Ne2 Be5 10. dxc6 Nxc6 11. O-O Qd5 12. Qe3 O-O 13. Nc3 Qd4 14. Qe2
Bf4 15. Nb5 Qe5 16. Qxe5 Bxe5 17. c3 Rfd8 18. Rd1 a6 19. Na3 Bc7 20. Bg5 Kg7 21.
Nc4 h6 22. Bxf6+ Kxf6 23. Be4 Rxd1+ 24. Rxd1 Rd8 25. Rxd8 Nxd8 26. a4 a5 27. Kf1
e6 28. b4 b6 29. Ke2 Ke7 30. g3 f5 31. Ba8 Nf7 32. h4 g5 33. hxg5 hxg5 34. Bb7
g4 35. Kf1 Ng5 36. Ke2 Nh7 37. Na3 Nf6 38. Nc4 Kd7 39. Ba8 Ng8 40. Bb7 Ne7 41.
Kd3 e5 42. Ba6 Ke6 43. Bb7 Kf6 44. Ne3 Kg5 45. Nd5 Nxd5 46. Bxd5 e4+ 47. Ke2 Kf6
48. bxa5 bxa5 49. Bb7 Be5 1/2-1/2

[Event "Chigorin Memorial"]
[Site "St Petersburg RUS"]
[Date "2013.10.11"]
[Round "7.19"]
[White "Solovjov, Sergey I."]
[Black "Al-Modiahki, Mohamad"]
[Result "0-1"]
[WhiteTitle "IM"]
[BlackTitle "GM"]
[WhiteElo "2381"]
[BlackElo "2568"]
[WhiteFideId "4122780"]
[BlackFideId "12100030"]
[EventDate "2013.10.05"]

1. e4 c5 2. Nf3 g6 3. d4 cxd4 4. Nxd4 Nc6 5. Nc3 Bg7 6. Be3 Nf6 7. Nxc6 bxc6 8.
e5 Ng8 9. Bd4 Qa5 10. f4 Nh6 11. e6 f6 12. exd7+ Bxd7 13. Bc4 Qb4 14. Bb3 Bg4
15. a3 Qd6 16. Qd2 Nf5 17. Be3 Qxd2+ 18. Bxd2 Nd4 19. Ba4 O-O-O 20. h3 Bh5 21.
g4 Nf3+ 22. Ke2 Nxd2 23. Bxc6 f5 24. gxh5 Nc4 25. Bd5 Nxb2 26. Be6+ Kc7 27. Nb5+
Kb6 28. a4 a6 29. Na3 Kc5 30. hxg6 hxg6 31. Rag1 Rh6 32. Bxf5 gxf5 33. Rxg7 Re6+
34. Kf3 Nd1 35. Nb1 Re3+ 36. Kg2 Re2+ 37. Kg3 Nf2 38. Rc1 Ne4+ 39. Kf3 Rf2+ 40.
Ke3 Rh8 41. Rh1 Rxc2 42. Rxe7 Kb4 43. Rb7+ Ka5 44. Rf7 Kxa4 45. Rb7 Rd8 46. Re7
Rb2 47. Rc1 Rb3+ 48. Ke2 Rg8 49. Rec7 Rg2+ 50. Kf1 Rf2+ 51. Ke1 Re3+ 52. Kd1
Rxh3 0-1

[Event "Chigorin Memorial"]
[Site "St Petersburg RUS"]
[Date "2013.10.11"]
[Round "7.20"]
[White "Stocek, Jiri"]
[Black "Zaitsev, Alexander"]
[Result "1/2-1/2"]
[WhiteTitle "GM"]
[BlackTitle "IM"]
[WhiteElo "2543"]
[BlackElo "2386"]
[WhiteFideId "304760"]
[BlackFideId "4164490"]
[EventDate "2013.10.05"]

1. d4 Nf6 2. c4 e6 3. Nc3 Bb4 4. Qc2 d6 5. Bg5 Nbd7 6. e3 e5 7. Ne2 c6 8. a3 Ba5
9. O-O-O Bxc3 10. Nxc3 Qa5 11. f4 O-O 12. Kb1 Re8 13. fxe5 dxe5 14. d5 cxd5 15.
Be2 d4 16. Nb5 a6 17. Nd6 Re6 18. Nf5 d3 19. Rxd3 e4 20. Rd5 Nxd5 21. cxd5 Qxd5
22. Ne7+ Rxe7 23. Bxe7 Qe5 24. Bb4 Qg5 25. Rc1 h6 26. Bxa6 Ne5 27. Bf1 Nd3 28.
Bxd3 exd3 29. Qxd3 Bf5 30. e4 Bg6 31. g3 Re8 32. Re1 Qg4 33. Qd4 Rxe4 34. Rxe4
Qxe4+ 35. Qxe4 Bxe4+ 36. Kc1 g5 37. Kd2 f5 38. Ke3 Kf7 39. Kd4 Ke6 40. Bf8 h5
41. Bb4 Bc6 42. Bd2 Kf6 43. b3 h4 44. gxh4 gxh4 45. a4 Ke6 46. a5 h3 47. b4 Bf3
48. Bf4 Kd7 49. b5 Kc8 50. Ke5 Be2 51. a6 bxa6 52. bxa6 Bxa6 53. Kxf5 1/2-1/2

[Event "Chigorin Memorial"]
[Site "St Petersburg RUS"]
[Date "2013.10.11"]
[Round "7.21"]
[White "Pasiev, Rakhim"]
[Black "Gabrielian, Artur"]
[Result "1-0"]
[WhiteTitle "IM"]
[BlackTitle "GM"]
[WhiteElo "2385"]
[BlackElo "2541"]
[WhiteFideId "24122475"]
[BlackFideId "4131002"]
[EventDate "2013.10.05"]

1. e4 c5 2. Nf3 e6 3. d4 cxd4 4. Nxd4 Nf6 5. Nc3 d6 6. Be3 a6 7. f4 Qc7 8. Qf3
b5 9. a3 Bb7 10. Bd3 Nbd7 11. O-O Be7 12. Rae1 Nc5 13. Kh1 O-O 14. Bg1 Rac8 15.
Qh3 h6 16. Nf3 Nfd7 17. Bd4 e5 18. fxe5 dxe5 19. Be3 Nxd3 20. cxd3 Nc5 21. Qg3
Kh7 22. Rd1 Nd7 23. Nh4 Bxh4 24. Qxh4 Qc6 25. Nd5 Qe6 26. Ne7 Rc2 27. Rf3 Rxb2
28. Nf5 Qf6 29. Qh3 Qe6 30. Rg3 Rg8 31. Rf1 Nf8 32. Rg4 Qf6 33. Bg5 Qg6 34. Be7
Qe6 35. Bxf8 Rxf8 36. Rxg7+ Kh8 37. Rg4 Rg8 38. Nxh6 Rxg4 39. Nxf7+ 1-0

[Event "Chigorin Memorial"]
[Site "St Petersburg RUS"]
[Date "2013.10.11"]
[Round "7.25"]
[White "Makarov, Marat"]
[Black "Demianjuk, Alexander"]
[Result "1-0"]
[WhiteTitle "GM"]
[WhiteElo "2512"]
[BlackElo "2355"]
[WhiteFideId "4101103"]
[BlackFideId "4134249"]
[EventDate "2013.10.05"]

1. Nf3 Nf6 2. d4 e6 3. e3 b6 4. Bd3 Bb7 5. O-O d5 6. b3 Nbd7 7. Bb2 Bd6 8. c4
O-O 9. Nc3 a6 10. Qe2 Ne4 11. Rad1 f5 12. cxd5 exd5 13. g3 Qe7 14. Ne1 Ndf6 15.
f3 Nxc3 16. Bxc3 g6 17. Ng2 a5 18. a4 Rae8 19. Be1 c5 20. Bb5 Rc8 21. Bc3 Bc6
22. dxc5 Bxb5 23. Qxb5 Rxc5 24. Qd3 Be5 25. Bd4 Bxd4 26. Qxd4 Re8 27. Rf2 Qe5
28. Qxe5 Rxe5 29. Rfd2 Re8 30. Kf2 b5 31. Nf4 bxa4 32. bxa4 Rc4 33. Rd4 Rec8 34.
h3 Rxd4 35. Rxd4 Rc2+ 36. Ke1 Ra2 37. g4 fxg4 38. hxg4 h6 39. Nxg6 Kf7 40. Nf4 1-0

[Event "Chigorin Memorial"]
[Site "St Petersburg RUS"]
[Date "2013.10.11"]
[Round "7.26"]
[White "Romanko, Marina"]
[Black "Al-Sayed, Mohammed"]
[Result "1-0"]
[WhiteTitle "IM"]
[BlackTitle "GM"]
[WhiteElo "2359"]
[BlackElo "2498"]
[WhiteFideId "4149351"]
[BlackFideId "12100196"]
[EventDate "2013.10.05"]

1. d4 Nf6 2. c4 g6 3. Nc3 Bg7 4. e4 d6 5. f3 O-O 6. Nge2 c5 7. Be3 Nc6 8. d5 Ne5
9. Ng3 e6 10. Be2 exd5 11. cxd5 a6 12. h3 b5 13. Qd2 b4 14. Nd1 a5 15. Rc1 Re8
16. O-O h5 17. Bb5 Bd7 18. Bxd7 Nexd7 19. Bh6 h4 20. Nf5 Bxh6 21. Nxh6+ Kg7 22.
Ne3 Rh8 23. Nhf5+ gxf5 24. Nxf5+ Kf8 25. Nxd6 Nh5 26. f4 Ra6 27. Nb7 Qb6 28.
Nxc5 Ng3 29. Rf2 Nxc5 30. Qd4 Qf6 31. Qxc5+ Kg7 32. e5 Qf5 33. e6 Qf6 34. Qc4
Raa8 35. f5 Rac8 36. Qg4+ Kh7 37. Rd1 Rhg8 38. Qf3 Rg5 39. Qd3 Kg7 40. e7 Qb6
41. f6+ Kh6 42. d6 Rf5 43. Qd2+ Kg6 44. d7 Rxf2 45. Qxf2 Ne2+ 46. Kh1 1-0

[Event "Chigorin Memorial"]
[Site "St Petersburg RUS"]
[Date "2013.10.11"]
[Round "7.27"]
[White "Savitskiy, Sergey"]
[Black "Popilski, Gil"]
[Result "0-1"]
[WhiteTitle "FM"]
[BlackTitle "GM"]
[WhiteElo "2354"]
[BlackElo "2486"]
[WhiteFideId "24105660"]
[BlackFideId "2809060"]
[EventDate "2013.10.05"]

1. e4 e6 2. Nf3 d5 3. Nc3 Nf6 4. e5 Nfd7 5. d4 c5 6. dxc5 Nc6 7. Bf4 Nxc5 8. Be2
a6 9. O-O d4 10. Nb1 b5 11. a3 Bb7 12. Re1 Be7 13. Nbd2 g5 14. Bg3 g4 15. Nb3
gxf3 16. Bxf3 Qd7 17. Nxc5 Bxc5 18. b4 Be7 19. Qd3 h5 20. h3 Rc8 0-1

[Event "Chigorin Memorial"]
[Site "St Petersburg RUS"]
[Date "2013.10.11"]
[Round "7.28"]
[White "Raznikov, Danny"]
[Black "Mikhailov, Viacheslav"]
[Result "1-0"]
[WhiteTitle "IM"]
[BlackTitle "FM"]
[WhiteElo "2486"]
[BlackElo "2343"]
[WhiteFideId "2811154"]
[BlackFideId "4187369"]
[EventDate "2013.10.05"]

1. d4 Nf6 2. c4 e6 3. Nc3 Bb4 4. e3 O-O 5. Bd3 b6 6. Ne2 Bb7 7. a3 Bxc3+ 8. Nxc3
c5 9. d5 exd5 10. cxd5 d6 11. O-O Re8 12. e4 Nbd7 13. Re1 Qe7 14. Bg5 Ne5 15.
Bb5 a6 16. Bxe8 Rxe8 17. f4 Ng6 18. Qd3 h6 19. Bxf6 Qxf6 20. g3 b5 21. b4 Rc8
22. e5 dxe5 23. Ne4 Qd8 24. Nxc5 Qb6 25. Rad1 exf4 26. Qf3 Ba8 27. gxf4 Qf6 28.
Ne4 Qd8 29. f5 Ne5 30. f6 g6 31. Qf4 Nd7 32. Nd6 Qb6+ 33. Kf1 Rd8 34. Nxf7 g5
35. Qf5 Kxf7 36. Qh7+ Kxf6 37. Re6+ 1-0

[Event "Chigorin Memorial"]
[Site "St Petersburg RUS"]
[Date "2013.10.11"]
[Round "7.29"]
[White "Matinian, Nikita"]
[Black "Shchukin, Dmitry"]
[Result "0-1"]
[WhiteTitle "IM"]
[BlackTitle "IM"]
[WhiteElo "2472"]
[BlackElo "2318"]
[WhiteFideId "24129100"]
[BlackFideId "4121724"]
[EventDate "2013.10.05"]

1. e4 c5 2. Nf3 Nc6 3. Bb5 Nf6 4. Nc3 Qc7 5. Bxc6 dxc6 6. e5 Nd5 7. Ne4 Bg4 8.
O-O e6 9. d4 cxd4 10. Qxd4 Bxf3 11. gxf3 O-O-O 12. Qxa7 Qxe5 13. Qa8+ Qb8 14.
Qxb8+ Kxb8 15. c4 Nc7 16. Ng5 Rd7 17. Bf4 Bc5 18. Rad1 Rhd8 19. Rxd7 Rxd7 20.
Be5 h6 21. Ne4 Bf8 22. Re1 f6 23. Bg3 e5 24. f4 Bb4 25. Nc3 Bxc3 26. bxc3 exf4
27. Bxf4 Kc8 28. c5 Kd8 29. Rb1 Nd5 30. Bd2 f5 31. f3 Kc8 32. Kf2 g5 33. Re1 Re7
34. Rb1 Nc7 35. Be3 Nd5 36. Bd2 Re5 37. Rd1 f4 38. c4 Nc7 39. Bb4 Ne6 40. Re1
Rxe1 41. Kxe1 Nd4 42. Kf2 Kd7 43. h3 Ke6 44. Bc3 Nf5 45. Ke2 Ng3+ 46. Kd3 Kf5
47. Be1 Nh5 48. a4 Nf6 49. Kc3 Nd7 50. Kb4 h5 51. Bf2 Ne5 52. Ka5 Nxc4+ 53. Kb4
Ne5 54. Ka5 Nd7 55. Kb4 g4 56. fxg4+ hxg4 57. hxg4+ Kxg4 58. a5 Kf3 59. Bg1 Ke2
60. a6 bxa6 61. Ka5 f3 62. Kxa6 f2 63. Bxf2 Kxf2 64. Kb7 Ne5 65. Kc7 Ke3 66. Kd6
Kd4 0-1

[Event "Chigorin Memorial"]
[Site "St Petersburg RUS"]
[Date "2013.10.11"]
[Round "7.30"]
[White "Chekhov, Sergei"]
[Black "Gorozhanin, Mikhail"]
[Result "0-1"]
[WhiteTitle "IM"]
[BlackTitle "FM"]
[WhiteElo "2455"]
[BlackElo "2315"]
[WhiteFideId "4195639"]
[BlackFideId "4178262"]
[EventDate "2013.10.05"]

1. e4 c6 2. c4 d5 3. cxd5 cxd5 4. exd5 Nf6 5. Nc3 Nxd5 6. Nf3 e6 7. Bc4 Be7 8.
O-O O-O 9. d4 Nc6 10. Re1 Bf6 11. Ne4 Be7 12. h4 h6 13. h5 Qb6 14. Bb3 Rd8 15.
Ng3 Bf6 16. Re4 Bd7 17. a3 Rac8 18. Ba2 Be8 19. Rg4 Kf8 20. Qd3 Nce7 21. b4 Ba4
22. Bxh6 gxh6 23. Qh7 Bc2 24. Qxh6+ Ke8 25. Bb1 Bf5 26. Nxf5 exf5 27. Bxf5 Nxf5
28. Qh7 Qe6 29. Re1 Nde3 30. fxe3 Ke7 31. Ng5 Bxg5 32. Rxg5 Rc1 33. Rxc1 Qxe3+
34. Kh2 Qf4+ 35. g3 Qd2+ 36. Kh3 Qxg5 37. Rc7+ Kd6 38. Rc3 Ke6 39. Rd3 Rxd4 40.
Rxd4 Qxg3# 0-1